000 00448nam a2200121Ia 4500
008 160712s9999 xx 000 0 und d
100 _aYacat, Jay A.
245 _cJay A. Yacat
_aTungo sa Isang Mas Mapagbuong Sikolohiya: Hamon sa Makabagong Sikolohiyang Pilipino
260 _c2013
_bDaluyan: Journal ng Wikang Filipino
300 _avol. 19 no. 2
650 _xFILIPINO
856 _uhttp://journals.upd.edu.ph/index.php/djwf/issue/view/396/showToc
999 _c297291
_d297291